Southville International School and Colleges
Your cart is empty.
  • Cart
  • Lists
    Public lists Eva Luna New books Lux_list list_1
    Your lists Log in to create your own lists
  • Log in to your account
  • Your cookies
  • Search history
Southville International School and Colleges
  • Advanced search
  • Recent comments
  • Most popular
  • Libraries

Log in to your account

Log in with GOOGLE


If you do not have an external account, but do have a local account, you can still log in:

  1. Home
  2. MARC view: 1984 /
Normal view MARC view ISBD view

1984 / (Record no. 12779)

[ view plain ]
MARC details
000 -LEADER
fixed length control field 00660nam a2200217 a 4500
005 - DATE AND TIME OF LATEST TRANSACTION
control field 20140310182408.0
008 - FIXED-LENGTH DATA ELEMENTS--GENERAL INFORMATION
fixed length control field 050922s19uu xx 00 eng d
020 ## - INTERNATIONAL STANDARD BOOK NUMBER
International Standard Book Number 0451524934
050 ## - LIBRARY OF CONGRESS CALL NUMBER
Classification number PR 6029
Item number .Or79 1977
100 ## - MAIN ENTRY--PERSONAL NAME
Personal name Orwell, George
245 ## - TITLE STATEMENT
Title 1984 /
Statement of responsibility, etc a novel by George Orwell ; with an afterword by Erich Fromm.
260 ## - PUBLICATION, DISTRIBUTION, ETC. (IMPRINT)
Place of publication, distribution, etc New York :
Name of publisher, distributor, etc New American Library,
Date of publication, distribution, etc 1977.
300 ## - PHYSICAL DESCRIPTION
Extent 268 p. :
Dimensions 18 cm.
500 ## - GENERAL NOTE
General note " A Signet Classic".
650 ## - SUBJECT ADDED ENTRY--TOPICAL TERM
Topical term or geographic name as entry element International Baccalaureate.
650 ## - SUBJECT ADDED ENTRY--TOPICAL TERM
Topical term or geographic name as entry element Historical novels.
650 ## - SUBJECT ADDED ENTRY--TOPICAL TERM
Topical term or geographic name as entry element Nineteen eighty four. Fiction.
650 ## - SUBJECT ADDED ENTRY--TOPICAL TERM
Topical term or geographic name as entry element Negative Utopia. Fiction.
942 ## - ADDED ENTRY ELEMENTS (KOHA)
Koha item type Books
Source of classification or shelving scheme Library of Congress Classification
Holdings
Withdrawn status Lost status Source of classification or shelving scheme Damaged status Home library Current library Shelving location Date acquired Total Checkouts Total Renewals Full call number Barcode Date last seen Date checked out Copy number Price effective from Koha item type Source of acquisition Sub Shelving location
    Library of Congress Classification   College Library College Library Fiction Section 09/20/2010 2 1 PR 6029 .Or79 1977 C11274 05/08/2018 01/16/2017 1 10/18/2013 Books    
    Library of Congress Classification   College Library College Library Fiction Section 08/11/2016 3 4 PR 6029 .Or79 1977 C20666 05/08/2018 03/01/2018   08/11/2016 Books Donation  

1984 /

APA

Orwell G., . (1977). 1984. New York: New American Library.

Chicago

Orwell George, . 1977. 1984. New York: New American Library.

Harvard

Orwell G., . (1977). 1984. New York: New American Library.

MLA

Orwell George, . 1984. New York: New American Library. 1977.

  • Place hold
  • Print
  • Cite
  • Add to your cart (remove)
  • Save record
    BIBTEX Dublin Core MARCXML MARC (non-Unicode/MARC-8) MARC (Unicode/UTF-8) MARC (Unicode/UTF-8, Standard) MODS (XML) RIS
  • More searches
    Search for this title in:
    Other Libraries (WorldCat) Other Databases (Google Scholar) Online Stores (Bookfinder.com) Open Library (openlibrary.org)

Exporting to Dublin Core...

SOUTHVILLE LIBRARY

Southville International School and Colleges Library

1281 Tropical Ave. Cor. Luxembourg St., BF Homes International, Las Pinas City

Tel. No. 8256374 / 252358 Loc. 117/146

Powered by Koha